La connotacion /

Guardado en:
Autor Principal: Kerbrat-orecchioni, Catherine
Formato: Libro
Publicado: Buenos Aires : Hachette, 1983
Materias:
Etiquetas: Agregar Etiqueta
Sin Etiquetas, Sea el primero en etiquetar este registro!
LEADER 00462nam a22001575a 4500
001 EHU.bham004021
003 AR-BHAM
005 20080103120715.0
008 130507s1983##################000#0#####d
082 4 0 |a 400 
100 1 |a Kerbrat-orecchioni, Catherine 
245 1 0 |a La connotacion /  |c Catherine Kerbrat-orecchioni. 
260 |a Buenos Aires :  |b Hachette,  |c 1983 
300 |a 281 p. 
653 |a Linguistica 
859 |a AR-BHAM  |b BIB. HUMANIDADES - General  |h 400  |i K452-1  |p 21.91  |t Ej.1